| 000 | 00000nam 2200000zi 4500 |
| 001 | 9.905570 |
| 003 | CaOODSP |
| 005 | 20241106095639 |
| 006 | m o d f |
| 007 | cr mn||||||||| |
| 008 | 211202t20212021quca ob f000 0 eng d |
| 020 | |a9780660411705 |
| 040 | |aCaOODSP|beng|erda|cCaOODSP |
| 043 | |an-cn--- |
| 086 | 1 |aEn4-446/2021E-PDF |
| 110 | 1 |aCanada. |bEnvironment and Climate Change Canada, |eauthor, |eissuing body. |
| 245 | 10|aEnvironment and Climate Change Canada open science action plan : |b2021-2026. |
| 264 | 1|aGatineau QC : |bEnvironment and Climate Change Canada = Environnement et changement climatique Canada, |c[2021] |
| 264 | 4|c©2021 |
| 300 | |a1 online resource (11 pages) : |billustrations (some colour) |
| 336 | |atext|btxt|2rdacontent |
| 337 | |acomputer|bc|2rdamedia |
| 338 | |aonline resource|bcr|2rdacarrier |
| 500 | |aIssued also in French under title: Plan d'action pour la science ouverte d'Environnement et changement climatique Canada : 2021-2026. |
| 500 | |a"EC21211." |
| 500 | |aThe PDF copy has been replaced (2021-12-23) with an amended version as requested by the publisher. |
| 504 | |aIncludes bibliographical references. |
| 610 | 10|aCanada. |bEnvironment and Climate Change Canada|xPlanning. |
| 650 | 0|aScience and state|zCanada. |
| 650 | 0|aTransparency (Ethics) in government|zCanada. |
| 775 | 08|tPlan d'action pour la science ouverte d'Environnement et changement climatique Canada : |w(CaOODSP)9.905571 |
| 856 | 40|qPDF|s2.64 MB|uhttps://publications.gc.ca/collections/collection_2021/eccc/En4-446-2021-eng.pdf |